Online katalóg knižníc regiónu Turca

Matkine hriechy (Record no. 22192)

MARC details
000 -LEADER
fixed length control field 01494cam a2200409 a 4500
001 - CONTROL NUMBER
control field 22192
003 - CONTROL NUMBER IDENTIFIER
control field VRT
005 - DATE AND TIME OF LATEST TRANSACTION
control field 20260321130100.0
008 - FIXED-LENGTH DATA ELEMENTS--GENERAL INFORMATION
fixed length control field 240314s2013 xo g 000 f slo
015 ## - NATIONAL BIBLIOGRAPHY NUMBER
National bibliography number SNBA2014/01
020 ## - INTERNATIONAL STANDARD BOOK NUMBER
International Standard Book Number 9788055136653
Qualifying information (viaz.)
035 ## - SYSTEM CONTROL NUMBER
System control number 9C223F59-71B4-4207-9F27-8BA8322C4ADD
035 ## - SYSTEM CONTROL NUMBER
System control number urn:nbn:sk:snk-amkvsm
035 ## - SYSTEM CONTROL NUMBER
System control number urn:nbn:sk:snk-am000xlq
039 #9 - LEVEL OF BIBLIOGRAPHIC CONTROL AND CODING DETAIL [OBSOLETE]
Level of rules in bibliographic description 202403141509
Level of effort used to assign nonsubject heading access points VLOAD
Level of effort used to assign subject headings 201911101908
Level of effort used to assign classification AUTHORITY
Level of effort used to assign subject headings 201911101853
Level of effort used to assign classification AUTHORITY
Level of effort used to assign subject headings 201606101337
Level of effort used to assign classification VLOAD
040 ## - CATALOGING SOURCE
Original cataloging agency PPPK
Language of cataloging slo
Transcribing agency PPPK
Modifying agency SNK
Description conventions AACR2
041 1# - LANGUAGE CODE
Language code of text/sound track or separate title slo
Language code of original eng
044 ## - COUNTRY OF PUBLISHING/PRODUCING ENTITY CODE
MARC country code xo
ISO country code SK
072 #7 - SUBJECT CATEGORY CODE
Subject category code 821.111(73)-3
Subject category code subdivision Americká próza
Source konspekt
080 ## - UNIVERSAL DECIMAL CLASSIFICATION NUMBER
Universal Decimal Classification number 821.111(73)-31
Edition identifier 2001
100 1# - MAIN ENTRY--PERSONAL NAME
Personal name Steel, Danielle,
Dates associated with a name 1947-
Relationship aut
240 14 - UNIFORM TITLE
Uniform title The sins of the mother
Language of a work Slovensky
245 10 - TITLE STATEMENT
Title Matkine hriechy
Statement of responsibility, etc. Danielle Steel ; [z anglického originálu ... preložila Elena Šikulová]
250 ## - EDITION STATEMENT
Edition statement 1. vyd.
260 ## - PUBLICATION, DISTRIBUTION, ETC.
Place of publication, distribution, etc. Bratislava
Name of publisher, distributor, etc. Ikar
Date of publication, distribution, etc. 2013
300 ## - PHYSICAL DESCRIPTION
Extent 299 s.
Dimensions 21 cm
655 #7 - INDEX TERM--GENRE/FORM
Genre/form data or focus term americké romány
Source of term SNKPH
655 #7 - INDEX TERM--GENRE/FORM
Genre/form data or focus term American fiction
Source of term SNKPHeng
700 1# - ADDED ENTRY--PERSONAL NAME
Personal name Šikulová, Elena
Relationship trl
942 ## - ADDED ENTRY ELEMENTS (KOHA)
Source of classification or shelving scheme Dewey Decimal Classification
Koha item type Krásna literatúra pre dospelých
Suppress in OPAC No
949 ## - LOCAL PROCESSING INFORMATION (OCLC)
6 270001000438400
a svkbbA 140138
b svkbbm 741003
949 ## - LOCAL PROCESSING INFORMATION (OCLC)
6 17A1102069
a snkSC 157600
b snk2014/716
o 2903/13
949 ## - LOCAL PROCESSING INFORMATION (OCLC)
6 17A1102633
a snkSC 157600 D1
b snk2014/1668
o 2903/13
s 6100:20210923
949 ## - LOCAL PROCESSING INFORMATION (OCLC)
6 2889204193
a savukPV 18454
b savuk2014/68
949 ## - LOCAL PROCESSING INFORMATION (OCLC)
6 273K0569924
a svkpoA 220921
b svkpo571655
Holdings
Stav vyradenia Strata Poškodenie Spôsob nadobudnutia Domovská knižnica Aktuálna knižnica Dátum nadobudnutia Cena Total checkouts Čiarový kód exemplára Date last seen Typ exemplára
      Kúpa Obecná knižnica Horná Štubňa Obecná knižnica Horná Štubňa 21.03.2026 9.90   9788055136653 21.03.2026 Krásna literatúra pre dospelých
Projekt je podporený Slovenskou asociáciou knižníc
Prevádzkuje Turčianska knižnica Martin 2026